000 00648nam a2200229Ia 4500
003 OSt
005 20220928105542.0
006 a|||||r|||| 00| 0
007 ta
008 220927b |||||||| |||| 00| 0 eng d
024 _a61608
037 _cTextual
040 _aSDCL
_cSDCL
_beng
041 _2eng
_aeng
082 _aO152,3N:g(Y), M1
100 _aLogha Amarsingh Jagram
_9415715
245 0 _aPremchandottar hindi upanyason mein samajik chetna.
260 _aAhamdabad
_bAmar Prakashan
_c1981
300 _a366p.
_ccm.
942 _hO152,3N:g(Y), M1
_cTEXL
_2CC
999 _c731567
_d731567